banner-ar

العنف ضد المراة فى مصر / (Record no. 65574)

MARC details
000 -الفاتح
حقل البيانات ثابتة الطول 01141nam a22003017a 4500
005 - وقت وتاريخ اخر تعامل مع التسجيلة
رقم الضبط 20240530110832.0
008 - عناصر البيانات ثابتة الطول - معلومات عامة
حقل البيانات ثابتة الطول 190916s2007 ua f 000 0 ara d
017 ## - رقم الايداع القانونى
رقم الايداع القانونى 2004/2963
المصدر ( الهيئة المختصة) مصر. دار الكتب
020 ## - الرقم الدولى المعيارى للكتب
الرقم الدولى المعيارى للكتاب 9773130967
040 ## - مصدر الفهرسة
وكالة الفهرسة الأصلية EG-CaGPL
وكالة النسخ EG-CaGPL
082 04 - رقم تصنيف ديوى العشرى
رقم الطبعة 21
رقم التصنيف 305.42
رقم المادة ق/ و ع
110 0# - المدخل الرئيسى - إسم هيئة
اسم الهيئة أو اسم السلطة كمدخل وحدة البحوث بمركز المحروسة
245 12 - بيان العنوان
العنوان العنف ضد المراة فى مصر /
بيان المسئوليه,etc وحدة البحوث بمركز المحروسة
250 ## - بيان الطبعة
بيان الطبعة ط. 1
260 ## - PUBLICATION, DISTRIBUTION, ETC. (IMPRINT)
تاريخ النشر أو التوزيع 2007
300 ## - الوصف المادى
التعداد 247 ص. ؛
أبعاد الوعاء 24 سم
650 07 - المدخل الاضافى بالموضوع-مصطلح موضوعى
مصدر الرأس أو المصطلح qrmak
مصطلح موضوعي العنف
650 07 - المدخل الاضافى بالموضوع-مصطلح موضوعى
مصطلح موضوعي الجوانب الاخلاقية والدينية
مصدر الرأس أو المصطلح qrmak
651 ## - المدخل الاضافى بالموضوع - اسم جغرافى
مصدر الرأس أو المصطلح qrmak
653 ## - مصطلح تكشيفى غير مقيد
مصطلح غير مقيد العنف ضد المراة
653 ## - مصطلح تكشيفى غير مقيد
مصطلح غير مقيد العنف الاسرى
653 ## - مصطلح تكشيفى غير مقيد
مصطلح غير مقيد العنف المجتمعى
700 0# - المدخل الاضافى - اسم شخصى
الإسم الشخصى هويدا رفاعى
الدور محرر
700 0# - المدخل الاضافى - اسم شخصى
الإسم الشخصى احمد زكى
الدور محرر
700 0# - المدخل الاضافى - اسم شخصى
الإسم الشخصى نيفين سليمان
الدور محرر
942 ## - عناصر المدخل الإضافي( كوها)
مصدر التصنيف او مخطط الترفيف Dewey Decimal Classification
Koha [default] item type كتاب
260 ## - PUBLICATION, DISTRIBUTION, ETC. (IMPRINT)
-- القاهرة :
-- مركز المحروسة للنشر والخدمات الصحفية والمعلومات،
Holdings
حالة التراجع حالة الفقد حالة تلف ليس للاعارة المكان المؤقت الموقع الحالى موقع الترفيف تاريخ الاكتساب اجمالي اﻻعارات رقم الطلب الباركود تاريخ اخر مشاهدة تاريخ تفعيل السعر نوع وعاء كوها
        مكتبة القاهرة الكبرى مكتبة القاهرة الكبرى   09/22/2019   305.42 ق/ و ع 166488 10/05/2022 09/22/2019 كتاب

Powered By

EGPV